Countries Closest to Cyprus - One Minute Sprint - Statistics

General Stats
  • This quiz has been taken 105 times
  • The average score is 15 of 20
Answer Stats
km country miles % Correct
76 Turkey 47
99%
264 Greece 164
97%
228 Israel 142
97%
352 Egypt 219
96%
170 Lebanon 105
93%
103 Syria 64
92%
291 Jordan 181
81%
471 Saudi Arabia 293
81%
463 Iraq 288
77%
756 Libya 470
77%
893 Iran 555
73%
846 Bulgaria 526
72%
1158 Albania 720
69%
935 Armenia 581
60%
887 Georgia 551
56%
1079 Azerbaijan 670
53%
999 Romania 621
53%
1070 North Macedonia 665
52%
970 Russia 603
52%
288 Palestine 179
32%
No matching quizzes found
Score Distribution
Percent of People with Each Score
Percentile by Number Answered
Your Score History
You have not taken this quiz